| 000 | 00722nab a2200193 4500 | ||
|---|---|---|---|
| 001 | 244442 | ||
| 003 | OSt | ||
| 005 | 20251001092540.0 | ||
| 007 | tu | ||
| 008 | 200917s2020||||||| | ||
| 040 |
_aDE-2950 _cDE-2950 |
||
| 245 | 0 | 0 |
_aMär vom Zopfabschneider in Frankfurt _bKleine Geschichten aus Frankfurts Geschichte. Im Herbst 1859 verbreitete ein mysteriöser "Zopfabschneider" Unsicherheit - bis sich herausstellte: die Wahrheit war noch erstaunlicher als das Gerücht/ _cRalf-Rüdiger Targiel |
| 264 | _c2025 | ||
| 653 | _aFrankfurt (Oder) | ||
| 653 | _aStadtgeschichte | ||
| 653 | _a"Zopfabschneider" | ||
| 773 | 0 |
_g36. Jahrgang (2025) Nr. 225 vom 26.09.2025, S. 16 mit Fotos _tMärkische Oderzeitung |
|
| 942 |
_2z _cA |
||
| 999 |
_c374039 _d374039 |
||